Estatísticas para Capitais das Regiões de Portugal

Clique aqui para jogar o quiz

Estatísticas Gerais

  • Esse quiz foi jogado 202 vezes
    (135 desde o último reset)
  • A pontuação média é 10 de 12

Estatísticas das Respostas

HintResposta% Correto
Douro LitoralPorto
99%
MinhoBraga
96%
EstremaduraLisboa
94%
AlgarveFaro
92%
Baixo AlentejoBeja
91%
MadeiraFunchal
89%
RibatejoSantarém
84%
Beira BaixaCastelo Branco
81%
Beira AltaViseu
79%
Trás-os-MontesVila Real
78%
Alto AlentejoPortalegre
74%
AçoresPonta Delgada
69%

Distribuição das Pontuações

Percentil de Números Respondidos

Porcentagem de Pessoas com Cada Pontuação

Sua Pontuação Histórica

Você não jogou esse quiz desde o último reset